| 000 | 00550nam a22001937a 4500 | ||
|---|---|---|---|
| 005 | 20251108172015.0 | ||
| 008 | 250721s2003 xx 000 0 ara d | ||
| 082 | 1 | 4 | _a640/صلا |
| 100 | 1 | _aالصلال، عايدة | |
| 245 | 1 | 0 | _aالتدبير المنزلي / |
| 264 | 1 |
_aعمان : _bمكتبة الامام علي، _c2003. |
|
| 300 | _a120ص. | ||
| 650 | 1 | 7 | _aالعلوم المنزلية |
| 650 | 1 | 7 | _aالأسرة |
| 650 | 1 | 7 | _aالسياسة الإسرية |
| 700 | 1 | _aأحمد، خولة | |
| 942 |
_2ddc _cBK |
||
| 999 |
_c68114 _d68114 |
||